• 首页
  • 本馆介绍
  • 公告通知
  • 最新文献
  • 馆藏检索
  • 电子资源
  • 读者导购
  • 参考咨询
  • 我的图书馆
  • 登录
  • 详细信息显示
  • 放入我的书架
  • 预约/预借图书
  • 作者相关作品
  • 分类相关作品
  • 丛书相关作品
  • 出版社相关作品

书目信息

  • 表格格式
  • 工作单格式
  • 卡片格式
题名:
新冠肺炎防控科普指南
    
 
作者: ;湖北省卫生计生宣传教育中心 , 湖北省疾病预防控制中心健康教育所 编著
分册:  
出版信息: 武汉   湖北科学技术出版社  2020.02
页数: XII, 266页
开本: 21cm
丛书名:
单 册:
中图分类: R563.101-62
科图分类:
主题词: 日冕形病毒--ri mian xing bing du--病毒病--肺炎--预防 (卫生)--指南
电子资源:
ISBN: 978-7-5706-0877-5
000 01205nam0 2200265 450
001 CAL 0120192888551
005 20230217093113.0
010    @a978-7-5706-0877-5@dCNY36.00
100    @a20210421d2020 em y0chiy0120 ea
101 0  @achi
102    @aCN@b420000
105    @aa z 000yy
106    @ar
200 1  @a新冠肺炎防控科普指南@Axin guan fei yan fang kong ke pu zhi nan@f湖北省卫生计生宣传教育中心, 湖北省疾病预防控制中心健康教育所编著
210    @a武汉@c湖北科学技术出版社@d2020.02
215    @aXII, 266页@c彩图@d21cm
300    @a早发现·早报告·早隔离·早治疗
314    @a书内题: 吕长兵, 徐静东主编
330    @a本书包括: 什么是冠状病毒、什么是新型冠状病毒、什么是新冠肺炎、新冠肺炎主要有哪些症状、如何区分感冒、流感和新冠肺炎、如何判断自己是否感染新冠肺炎等内容。
606 0  @a日冕形病毒@Ari mian xing bing du@x病毒病@x肺炎@x预防 (卫生)@j指南
690    @aR563.101-62@v5
711 02 @a湖北省卫生计生宣传教育中心@Ahu bei sheng wei sheng ji sheng xuan chuan jiao yu zhong xin@4编著
711 02 @a湖北省疾病预防控制中心健康教育所@Ahu bei sheng ji bing yu fang kong zhi zhong xin jian kang jiao yu suo@4编著
801  0 @aCN@bBJXHZP@c20230228
905    @b1401369-72@dR563.101-62@e162@f4
    
    新冠肺炎防控科普指南/湖北省卫生计生宣传教育中心, 湖北省疾病预防控制中心健康教育所编著.-武汉:湖北科学技术出版社,2020.02
    XII, 266页:彩图;21cm
    早发现·早报告·早隔离·早治疗
    
    ISBN 978-7-5706-0877-5:CNY36.00
    本书包括: 什么是冠状病毒、什么是新型冠状病毒、什么是新冠肺炎、新冠肺炎主要有哪些症状、如何区分感冒、流感和新冠肺炎、如何判断自己是否感染新冠肺炎等内容。
●
相关链接 在E读中查询图书 在五车中查询图书 在当当中查询图书 在豆瓣中查询图书


正题名:新冠肺炎防控科普指南     索取号:R563.101-62/162         预约/预借

序号 登录号 条形码 馆藏地/架位号 状态 备注
1 1401369   214013690   第二样本阅览室/ [索取号:R563.101-62/162] 在馆    
2 1401370   214013707   第三借阅区/ [索取号:R563.101-62/162] 在馆    
3 1401371   214013716   第三借阅区/ [索取号:R563.101-62/162] 在馆    
4 1401372   214013725   第三借阅区/ [索取号:R563.101-62/162] 在馆    
唐山师范学院图书馆 欢迎您!
大连网信软件有限公司© 版权所有